Quizzes
Events
Quiz Creation
Community
Videos
Private Events
Remove Ads
Sign In
Join for FREE
Feedback
Dark Mode
Quiz Categories
Sports
Geography
Music
Movies
Television
Just For Fun
Miscellaneous
History
Literature
Language
Science
Gaming
Entertainment
Religion
Holiday
For Kids
Quiz Lab
Recent
Popular Today
Quiz Kudos Today
Editor Picks
Curator Picks
Quizzes by...
Day
Popularity
Type
Ratings
Length
Year
Community
Subscriptions
Recent Discussions
Orange Saloon
Badges
Playlists
Quests
Create
Leaderboards
Showdown
Live 5
Trivia Bingo
Activity
Puzzle Library
Sporcle Events
Private Events
Virtual Trivia
Globe League
Become a Host
Pub Owners
SporcleCon
Opinionation
Our Games
Videos
Blog
Mobile Apps
Partnerships
Remove Ads and Go Orange
Feedback
Music
Pop Music
The Beatles
Song
Album
Lyrics
Bands
Singers
Artist
Clip
Rock
Rap
Classical
Billboard
Country Music
Kpop
Taylor Swift
Music
Pop Music
The Beatles
Song
Album
Lyrics
Bands
Singers
Artist
Clip
Rock
Rap
Classical
Billboard
Country Music
Kpop
Taylor Swift
Random Quiz
Search Sporcle
×
Quiz Lab
Quiz Lab
Music
Album
Type in answers that appear in a list
Type in answers that appear in a list
Classic
Best Score? Go Orange.
Name that Eminem Song Stats
Can you name the Name that Eminem Song?
By
1e1o9o1l
10m
30 Questions
925 Plays
925 Plays
925 Plays
Comments
Comments
Give Quiz Kudos
Give Quiz Kudos
-
- Ratings
hide this ad
Replay
Link that replays current quiz
Next Quiz
Link to next quiz in quiz playlist
You Got
0%
They Got
Avg Score
30%
Avg Friend Score
Upgrade to see
Score Distribution
Jump to the score distribution portion of the page
Score
0/30
Timer
10:00
0
Plays Today
Album
Song
% Correct
Marshall Mathers LP
The real slim shady
68.8%
Slim Shady LP
My name is
65.8%
Marshall Mathers LP
Stan
53.2%
Encore
Mockingbird
49.7%
The Eminem Show
Without Me
47.5%
Marshall Mathers LP
The way I am
43.5%
Relapse
Beautiful
41.4%
Relapse
We made you
40.4%
Encore
Just lose it
37.5%
Encore
Like toy soldiers
36.4%
Relapse
Crack a bottle
35.8%
The Eminem Show
Superman
33.5%
The Eminem Show
'Till I collapse
32.2%
The Eminem Show
Cleanin' out my closet
32.1%
Encore
Ass like that
30.4%
Album
Song
% Correct
The Eminem Show
Sing for the moment
29.8%
Encore
Mosh
28%
Slim Shady LP
Role Model
25.8%
Slim Shady LP
Just Don't Give A F
25.2%
Marshall Mathers LP
Marshall Mathers
24.4%
Slim Shady LP
Brain Damage
21.2%
Relapse:Refill
Elevator
21.1%
Encore
Encore
20.6%
Relapse
Stay wide awake
12.2%
Relapse
Same song and dance
10.8%
Relapse:Refill
Taking my ball
10.7%
Marshall Mathers LP
Amityville
10.3%
Encore
Spend some time
8.1%
Slim Shady LP
Guilty Consience
5.2%
Relapse
Medicince ball
1.6%
Quiz Playlist
Details
Report
Send in Message
Add To Playlist
Classic:
Type in answers that appear in a list
Last Updated: Feb 16, 2017
Quiz Scoreboard
CHALLENGE
Sign Up to Join the Scoreboard
Show All
Scores
Hide
Comments
May contain spoilers
Recently Published
Billboard Blitz: Fleetwood Mac
by CooCooCachoo
Music
15s
Presidents Visiting Landmarks
by Hejman
History
7m
An Introduction to Baseball
by treessimontrees
Sports
5m
More to Explore
Quiz From the Vault
Featured Blog Post
Where Did the Easter Bunny Come From?
hide this ad
You Might Also Like...
Tags
Album Quiz
Song Quiz
Eminem
Today's Top Quizzes in Music
Browse Music
hide this ad
Today's Top Quizzes in Album
Browse Album
Top Contributed Quizzes in Music
1
Taylor Swift All Songs (2024)
2
Guess the Artist- 70s Songs
3
7-to-1: Billboard Hot 100 #1 Hits of 2010s
4
Sorting Albums and Songs
5
Taylor Swift Logic Puzzle
6
KPOP LOGIC QUIZ
7
2010s Album by Cover III
8
One Thing in Common: Music
9
Guess the Taylor Swift song (Mystery Song)
10
Guess The Taylor Swift Lyrics Song #1
Explore More
Trending Topics
Kpop
Anime
Harry Potter
Crossword
Disney
NBA
Marvel
The Office
NFL
Song
Country
Pokémon
Puzzle
WWE
Soccer
hide this ad
More By:
1e1o9o1l
Quiz
Plays
Rating
Category
Featured
Created
Name that Eminem Song
925
1.50
Music
Dec 29, 2009
Name The 2009 Number 1 Albums
48
2.00
Music
Dec 31, 2009
Go to Creator's Profile
Score Distribution
Quiz Creator Spotlight
1e1o9o1l
Follow
Send a Message
Quizzes Created
-
Created Quiz Play Count
-
More By This Creator
Popular Quizzes Today
1
Find the US States - No Outlines Minefield
2
Find the Countries of Europe - No Outlines Minefield
3
The Countries of the World
4
Find the US States
5
US States
6
Popular People in 1961
7
Risky Map Clicking: Biggest States A-Z
8
Movies - When Are They Set?
More Music Quizzes
Finish the Famous Beatles Lyric II
Published
Trending Quizzes
Risky Map Clicking: Least Populous States A-Z
1-10 Letter G Words
1-10 Letter F Words
Risky Map Clicking: Next State Alphabetically
Risky Map Clicking: Biggest States A-Z
Recently Updated
Leaping Animals
pecheneg
Reality TV Shows (A-Z)
bhenderson79
Rickey Henderson's Hall of Fame Teammates
pecheneg
Champions League XIs: Arsenal
pecheneg
Quick Pick: Celebrities in WWE's Hall of Fame
aduchscher
A-Z Keypad Blitz II
pecheneg
Multiple Oscar Actors
pecheneg
Mystery Phrase Blitz: Oscar 'Best Actors'
pecheneg
F. Scott Fitzgerald Novels
LTH
Pick 3 Villains
ddd62291
Trending Topics
Crossword
NBA
Anime
Disney
Harry Potter
Marvel
Kpop
The Office
Puzzle
Pokémon
Song
WWE
NFL
Country
Soccer
Your Account Isn't Verified!
In order to create a playlist on Sporcle, you need to verify the email address you used during registration. Go to your
Sporcle Settings
to finish the process.
Report this User
Report this user for behavior that violates our
Community Guidelines
.
Details:
Send Report
Go to the Sporcle.com Mobile Site →
Comments